[Event "Michael Franett Memorial"]
[Site "San Francisco"]
[Date "2005.01.02"]
[Round "1"]
[White "Lobo, Richard"]
[Black "Ho, Matthew"]
[Result "1/2-1/2"]
[WhiteElo "2266"]
[BlackElo "2260"]
[PlyCount "62"]
[EventDate "2005.01.02"]
[EventType "tourn"]
[EventRounds "1"]
[EventCountry "USA"]
[EventCategory "3"]

1. e4 e5 2. Nf3 Nc6 3. Bb5 a6 4. Ba4 Nf6 5. O-O Nxe4 6. d4 b5 7. Bb3 d5 8. dxe5
Be6 9. Be3 Be7 10. Nbd2 O-O 11. h3 Nc5 12. Re1 d4 13. Bf4 Nb4 14. a3 Nd5 15.
Bg3 Nxb3 16. cxb3 c5 17. b4 cxb4 18. Nxd4 bxa3 19. Nxe6 fxe6 20. bxa3 Nc3 21.
Qc2 Rc8 22. Ne4 Qd4 23. Nd6 Rc5 24. Kh2 Bh4 25. Bxh4 Qxh4 26. g3 Qd4 27. f4 Nd5
28. Qe2 Nxf4 29. gxf4 Qxf4+ 30. Kh1 Rxe5 31. Qxe5 Qf3+ 1/2-1/2

[Event "Michael Franett Memorial"]
[Site "San Francisco"]
[Date "2005.01.02"]
[Round "1"]
[White "Pruess, David"]
[Black "Yap, Nicolas"]
[Result "1-0"]
[WhiteElo "2394"]
[BlackElo "2189"]
[PlyCount "63"]
[EventDate "2005.01.02"]
[EventType "tourn"]
[EventRounds "1"]
[EventCountry "USA"]
[EventCategory "3"]

1. d4 Nf6 2. Nc3 d5 3. Bg5 Nbd7 4. Qd2 e6 5. e4 dxe4 6. O-O-O h6 7. Bh4 Be7 8.
f3 exf3 9. Nxf3 Nb6 10. Ne5 Nbd5 11. Bc4 Nxc3 12. Qxc3 c6 13. g4 O-O 14. Qf3
Nd7 15. Bxe7 Qxe7 16. h4 c5 17. g5 cxd4 18. Ng4 f5 19. gxf6 Nxf6 20. Rxd4 Nxg4
21. Qxg4 Kh8 22. Re1 Qc7 23. Red1 Qb6 24. Qe4 e5 25. Rd6 Qc5 26. b4 Qxb4 27.
Rxh6+ gxh6 28. Qxe5+ Kh7 29. Bd3+ Kg8 30. Rg1+ Bg4 31. Qe6+ Kh8 32. Qxh6+ 1-0

[Event "Michael Franett Memorial"]
[Site "San Francisco"]
[Date "2005.01.03"]
[Round "2"]
[White "Baginskaite, Camilla"]
[Black "Aigner, Michael"]
[Result "1/2-1/2"]
[WhiteElo "2336"]
[BlackElo "2263"]
[PlyCount "102"]
[EventDate "2005.01.02"]
[EventType "tourn"]
[EventRounds "1"]
[EventCountry "USA"]
[EventCategory "3"]

1. Nf3 f5 2. b4 Nf6 3. Bb2 c6 4. c4 d6 5. d4 g6 6. g3 Bg7 7. Bg2 O-O 8. O-O Na6
9. Qb3 Nc7 10. a4 Ne4 11. b5 c5 12. e3 Ne8 13. Nbd2 N8f6 14. Rad1 Qc7 15. Nxe4
Nxe4 16. Nd2 Be6 17. d5 Nxd2 18. Rxd2 Bd7 19. Bxg7 Kxg7 20. Qc3+ Rf6 21. a5
Raf8 22. Rfd1 Kg8 23. f4 R8f7 24. Re1 Qd8 25. Rde2 Qf8 26. e4 fxe4 27. Rxe4 Qg7
28. Qe3 Kf8 29. h3 h5 30. Kh2 Bc8 31. Re6 Ke8 32. h4 Kd8 33. Bh3 Bd7 34. Re2
Qf8 35. Bg2 Rg7 36. Qc3 Bc8 37. Bh3 Bd7 38. Rxf6 Qxf6 39. Qxf6 exf6 40. Be6 Re7
41. f5 gxf5 42. Kg2 Bxe6 43. dxe6 Rg7 44. Rf2 Ke7 45. Rxf5 Rh7 46. a6 b6 47.
Kf3 Kxe6 48. Ke4 Rh8 49. Rd5 Rh7 50. Rf5 Rh8 51. Rd5 Rh7 1/2-1/2

[Event "Michael Franett Memorial"]
[Site "San Francisco"]
[Date "2005.01.03"]
[Round "2"]
[White "Ho, Matthew"]
[Black "Tuvshintugs, Batchimeg"]
[Result "1-0"]
[WhiteElo "2260"]
[BlackElo "2205"]
[PlyCount "71"]
[EventDate "2005.01.02"]
[EventType "tourn"]
[EventRounds "1"]
[EventCountry "USA"]
[EventCategory "3"]

1. b4 Nf6 2. Bb2 g6 3. Nf3 Bg7 4. c4 O-O 5. e3 c6 6. Be2 d5 7. O-O Bg4 8. cxd5
cxd5 9. d3 Qd6 10. Qb3 Nbd7 11. Nc3 a6 12. h3 Bf5 13. Rfd1 Rfc8 14. Nd4 Ne5 15.
e4 Bd7 16. exd5 Rxc3 17. Bxc3 Nxd5 18. Bb2 Nxb4 19. Nc2 Nxc2 20. Qxc2 Bc6 21.
d4 Qd5 22. f3 Nd7 23. Bc4 Qa5 24. d5 Qc5+ 25. Kh1 Bb5 26. Bxg7 Bxc4 27. Bd4 Qc7
28. Qe4 Qd6 29. Bb2 b5 30. a4 Rc8 31. axb5 Nf6 32. Bxf6 Qxf6 33. bxa6 Bxa6 34.
d6 Bb5 35. Qxe7 Qe6 36. d7 1-0

[Event "Michael Franett Memorial"]
[Site "San Francisco"]
[Date "2005.01.03"]
[Round "2"]
[White "Stein, Alan"]
[Black "Ganbold, Odondoo"]
[Result "1-0"]
[WhiteElo "2362"]
[BlackElo "2382"]
[PlyCount "75"]
[EventDate "2005.01.02"]
[EventType "tourn"]
[EventRounds "1"]
[EventCountry "USA"]
[EventCategory "3"]

1. e4 g6 2. d4 Bg7 3. Nf3 c6 4. c3 d5 5. Nbd2 Nf6 6. e5 Nfd7 7. h4 Nf8 8. h5
Ne6 9. Nb3 b6 10. Ng5 Nxg5 11. Bxg5 h6 12. Be3 g5 13. Bd3 Ba6 14. Bc2 Kd7 15.
Qf3 Qf8 16. Nc1 Kc7 17. Nd3 e6 18. O-O-O Nd7 19. Kb1 f6 20. exf6 Bxf6 21. Rhe1
Qd6 22. Qg4 e5 23. dxe5 Nxe5 24. Nxe5 Bxe5 25. f4 gxf4 26. Bxf4 Bc8 27. Qxc8+
Kxc8 28. Bxe5 Qf8 29. Bxh8 Qxh8 30. Re7 Kd8 31. Rde1 Rc8 32. Bg6 Qf6 33. Rh7
Qf8 34. Re8+ Qxe8 35. Bxe8 Kxe8 36. Rxa7 Rd8 37. Rg7 Rd6 38. Rg6 1-0

[Event "Michael Franett Memorial"]
[Site "San Francisco"]
[Date "2005.01.03"]
[Round "2"]
[White "Yap, Nicolas"]
[Black "Lobo, Richard"]
[Result "0-1"]
[WhiteElo "2189"]
[BlackElo "2266"]
[PlyCount "52"]
[EventDate "2005.01.02"]
[EventType "tourn"]
[EventRounds "1"]
[EventCountry "USA"]
[EventCategory "3"]

1. e4 e6 2. d4 d5 3. Nd2 dxe4 4. Nxe4 Nd7 5. Nf3 Ngf6 6. Ng3 c5 7. dxc5 Bxc5 8.
Bd3 O-O 9. O-O b6 10. b3 Bb7 11. Bb2 Qc7 12. Qe2 Rad8 13. Rad1 h6 14. c4 Rfe8
15. Ne4 Be7 16. Rfe1 Nh5 17. Nd4 Nf4 18. Qg4 g5 19. Nb5 Qb8 20. Nbd6 Bxe4 21.
Nxe4 f5 22. Qf3 Nxd3 23. Rxd3 Ne5 24. Bxe5 Qxe5 25. Rxd8 Rxd8 26. Qg3 Qxe4 0-1

[Event "Michael Franett Memorial"]
[Site "San Francisco"]
[Date "2005.01.04"]
[Round "3"]
[White "Aigner, Michael"]
[Black "Stein, Alan"]
[Result "0-1"]
[WhiteElo "2263"]
[BlackElo "2362"]
[PlyCount "96"]
[EventDate "2005.01.02"]
[EventType "tourn"]
[EventRounds "1"]
[EventCountry "USA"]
[EventCategory "3"]

1. e4 e5 2. Nf3 Nc6 3. d4 exd4 4. Nxd4 Bc5 5. Be3 Qf6 6. c3 Nge7 7. Bc4 O-O 8.
O-O Bb6 9. Na3 Qg6 10. Nac2 Ne5 11. Be2 d5 12. f4 Ng4 13. f5 Nxe3 14. fxg6 Nxd1
15. gxf7+ Rxf7 16. Raxd1 Rxf1+ 17. Kxf1 dxe4 18. Bc4+ Kh8 19. Re1 Bf5 20. Nxf5
Nxf5 21. Bd5 Rf8 22. Ke2 Nd6 23. Ne3 c6 24. Bb3 g6 25. Rf1 Rxf1 26. Nxf1 Kg7
27. Nd2 Kf6 28. Nc4 Nf5 29. Bc2 Bc7 30. Bxe4 Bxh2 31. Bxf5 Kxf5 32. Na5 g5 33.
Nxb7 Bc7 34. Nc5 h5 35. b4 h4 36. Nb3 Bb6 37. c4 Ke4 38. a4 g4 39. c5 Bc7 40.
Kf2 Kd3 41. b5 cxb5 42. axb5 Kc4 43. b6 axb6 44. Nd2+ Kxc5 45. Ne4+ Kd4 46. Nf6
g3+ 47. Kf3 b5 48. Ne4 h3 0-1

[Event "Michael Franett Memorial"]
[Site "San Francisco"]
[Date "2005.01.04"]
[Round "3"]
[White "Bhat, Vinay"]
[Black "Ho, Matthew"]
[Result "1/2-1/2"]
[WhiteElo "2410"]
[BlackElo "2260"]
[PlyCount "33"]
[EventDate "2005.01.02"]
[EventType "tourn"]
[EventRounds "1"]
[EventCountry "USA"]
[EventCategory "3"]

1. d4 d5 2. c4 c6 3. Nc3 Nf6 4. e3 g6 5. Nf3 Bg7 6. Bd3 O-O 7. O-O a6 8. b3
Nbd7 9. Bb2 b5 10. a4 b4 11. Nb1 c5 12. Nbd2 Bb7 13. Qe2 e6 14. Rac1 Qe7 15.
Bb1 Rac8 16. Bd3 Ra8 17. Bb1 1/2-1/2

[Event "Michael Franett Memorial"]
[Site "San Francisco"]
[Date "2005.01.04"]
[Round "3"]
[White "Ganbold, Odondoo"]
[Black "De Guzman, Ricardo"]
[Result "0-1"]
[WhiteElo "2382"]
[BlackElo "2407"]
[PlyCount "126"]
[EventDate "2005.01.02"]
[EventType "tourn"]
[EventRounds "1"]
[EventCountry "USA"]
[EventCategory "3"]

1. e4 c5 2. Nf3 e6 3. c4 a6 4. Nc3 d6 5. d4 cxd4 6. Nxd4 Nf6 7. Be2 Be7 8. Be3
O-O 9. Qd2 Qc7 10. Rc1 Nbd7 11. O-O b6 12. f3 Bb7 13. Rfd1 Qb8 14. Bf1 Bd8 15.
Qf2 Bc7 16. Qh4 Re8 17. g4 h6 18. g5 hxg5 19. Bxg5 Nh7 20. Be3 Kh8 21. Rd2 Qd8
22. Qh5 g6 23. Qh6 Qf6 24. Rg2 Rg8 25. Rd1 g5 26. Qxf6+ Ndxf6 27. h3 Nd7 28.
Kf2 Ne5 29. Be2 Rg6 30. Rh1 Bd8 31. Nc2 Rc8 32. Na3 Bc6 33. Rd1 Bc7 34. Rh1 Rd8
35. b4 Be8 36. c5 dxc5 37. Bxa6 Ra8 38. Nab5 Bxb5 39. Nxb5 Bb8 40. Bb7 Rxa2+
41. Kf1 Rxg2 42. Kxg2 cxb4 43. Rb1 Nf6 44. Rxb4 Nh5 45. Rd4 Rg8 46. Rd1 Nc4 47.
Bd4+ Kh7 48. Rc1 Nf4+ 49. Kh1 Na5 50. Ba6 Nb3 51. Rc6 Nxd4 52. Nxd4 Rd8 53. Rc8
Rxd4 54. Rxb8 Rd1+ 55. Kh2 Rd2+ 56. Kh1 Rb2 57. Bf1 Kg7 58. Kg1 Kf6 59. Rb7 Ng6
60. Kh1 Ne5 61. Bg2 b5 62. Kh2 Nxf3+ 63. Kg3 Ne5 0-1

[Event "Michael Franett Memorial"]
[Site "San Francisco"]
[Date "2005.01.04"]
[Round "3"]
[White "Pruess, David"]
[Black "Baginskaite, Camilla"]
[Result "1-0"]
[WhiteElo "2394"]
[BlackElo "2336"]
[PlyCount "109"]
[EventDate "2005.01.02"]
[EventType "tourn"]
[EventRounds "1"]
[EventCountry "USA"]
[EventCategory "3"]

1. d4 Nf6 2. Nc3 d5 3. Bg5 Nbd7 4. Qd2 e6 5. e4 dxe4 6. O-O-O Bb4 7. a3 Be7 8.
f3 exf3 9. Nxf3 c6 10. Bd3 Qa5 11. Rhe1 Nd5 12. Bxe7 Nxe7 13. Qf4 Nf6 14. Ne4
Nxe4 15. Rxe4 Ng6 16. Qg3 Bd7 17. Ng5 O-O 18. Rh4 f6 19. Bxg6 Qxg5+ 20. Qxg5
fxg5 21. Bxh7+ Kf7 22. Rg4 Rh8 23. Bd3 Rxh2 24. Rxg5 Rah8 25. Rf1+ Kg8 26. Kd2
R8h5 27. Rg3 Be8 28. Rgf3 Rxg2+ 29. Kc3 Bg6 30. Bxg6 Rxg6 31. Rf8+ Kh7 32. R8f7
Rg3+ 33. Kc4 Rb5 34. b4 a5 35. c3 axb4 36. axb4 Kg6 37. Re7 Rf5 38. Rxe6+ Kf7
39. Rfe1 Rff3 40. Re7+ Kf6 41. R1e6+ Kf5 42. Re5+ Kf6 43. R5e6+ Kf5 44. Re5+
Kf6 45. Kc5 Rxc3+ 46. Kd6 Rc4 47. R5e6+ Kf5 48. Rf7+ Kg4 49. Rxg7+ Kh3 50. Rxb7
Rxd4+ 51. Kxc6 Rc3+ 52. Kb5 Kg4 53. Ka4 Kf5 54. Re1 Rf4 55. Rf7+ 1-0

[Event "Michael Franett Memorial"]
[Site "San Francisco"]
[Date "2005.01.04"]
[Round "3"]
[White "Tuvshintugs, Batchimeg"]
[Black "Yap, Nicolas"]
[Result "0-1"]
[WhiteElo "2205"]
[BlackElo "2189"]
[PlyCount "109"]
[EventDate "2005.01.02"]
[EventType "tourn"]
[EventRounds "1"]
[EventCountry "USA"]
[EventCategory "3"]

1. e4 c5 2. Nf3 d6 3. d4 cxd4 4. Nxd4 Nf6 5. Nc3 a6 6. Bg5 e6 7. Qd2 h6 8. Bh4
Nxe4 9. Qf4 Nf6 10. Ne4 Be7 11. Nxf6+ gxf6 12. Qf3 Nd7 13. O-O-O Ne5 14. Qb3
Qc7 15. f4 Ng6 16. Bg3 f5 17. Be2 Bd7 18. Bh5 Rg8 19. Rhe1 Rc8 20. Re2 Kf8 21.
h3 d5 22. Bxg6 Rxg6 23. Bh2 Bd6 24. Qf3 a5 25. Rd3 a4 26. Rc3 Qb6 27. Rxc8+
Bxc8 28. Qc3 Qc5 29. Qe3 Qc4 30. Kb1 Rxg2 31. b3 Rxe2 32. Nxe2 Qb5 33. Bg3 Ke8
34. Kb2 axb3 35. axb3 Kd7 36. Bh4 Qc5 37. Qd3 b6 38. Bf6 Qa3+ 39. Kb1 Ba6 40.
Qe3 Qa5 41. Nc3 Qb4 42. Na4 Bxf4 43. Nxb6+ Kc6 44. Nxd5 Kxd5 45. c4+ Kc6 46.
Qf3+ Kd7 47. Qxf4 Qxb3+ 48. Bb2 Bxc4 49. Qd2+ Qd3+ 50. Kc1 Qxd2+ 51. Kxd2 Kd6
52. Bg7 h5 53. Ke3 e5 54. Kf3 Ke6 55. Bh6 0-1

[Event "Michael Franett Memorial"]
[Site "San Francisco"]
[Date "2005.01.05"]
[Round "4"]
[White "De Guzman, Ricardo"]
[Black "Aigner, Michael"]
[Result "1-0"]
[WhiteElo "2407"]
[BlackElo "2263"]
[PlyCount "117"]
[EventDate "2005.01.02"]
[EventType "tourn"]
[EventRounds "1"]
[EventCountry "USA"]
[EventCategory "3"]

1. Nf3 f5 2. b3 Nf6 3. Bb2 g6 4. g3 Bg7 5. Bg2 O-O 6. O-O d6 7. d4 c6 8. c4 Na6
9. Nbd2 Nc7 10. Qc2 Nh5 11. Rfe1 f4 12. e3 fxg3 13. hxg3 Bg4 14. Nh2 Bd7 15. g4
Nf6 16. f3 Ne6 17. Ndf1 Qc7 18. Rad1 Rae8 19. Bc3 Ng5 20. f4 Nf7 21. Bf3 d5 22.
Qg2 Nd6 23. Ng3 dxc4 24. Bb4 cxb3 25. axb3 Be6 26. e4 Nf7 27. e5 Nd5 28. Bd2
Nh6 29. Ne2 Qd7 30. Kh1 Nc7 31. f5 Bd5 32. Nc3 Bxf3 33. Nxf3 Nxf5 34. gxf5 Rxf5
35. Be3 Ref8 36. Nh2 Nd5 37. Nxd5 cxd5 38. Rf1 Qb5 39. Rxf5 Rxf5 40. Qc2 h5 41.
Kg2 Kh7 42. Rf1 Rxf1 43. Nxf1 Qd7 44. Nh2 a6 45. Kf2 Qh3 46. Nf3 Bh6 47. Qc7
Qe6 48. Bg5 Bf8 49. Qxb7 Kg7 50. Bh4 Kg8 51. Qc7 Kg7 52. Ke3 Kg8 53. Bg5 Kg7
54. Qd8 Kf7 55. Bf4 Qc6 56. Kf2 Qc2+ 57. Kg3 Qxb3 58. e6+ Kg7 59. Be5+ 1-0

[Event "Michael Franett Memorial"]
[Site "San Francisco"]
[Date "2005.01.05"]
[Round "4"]
[White "Ho, Matthew"]
[Black "Ganbold, Odondoo"]
[Result "0-1"]
[WhiteElo "2260"]
[BlackElo "2382"]
[PlyCount "138"]
[EventDate "2005.01.02"]
[EventType "tourn"]
[EventRounds "1"]
[EventCountry "USA"]
[EventCategory "3"]

1. e4 e5 2. Nf3 Nc6 3. Bc4 g6 4. d4 exd4 5. c3 d3 6. Qxd3 Bg7 7. O-O d6 8. Bb3
h6 9. Re1 Nge7 10. Bf4 O-O 11. Nbd2 Kh8 12. Rad1 Bg4 13. h3 Be6 14. Qe3 Kh7 15.
e5 Nf5 16. Qe2 Re8 17. Qb5 dxe5 18. Bxe5 Nxe5 19. Nxe5 Nd6 20. Qc5 b6 21. Qd4
Bxb3 22. axb3 Qf6 23. Ndf3 Qf5 24. Qg4 Qxg4 25. Nxg4 a5 26. Rxe8 Rxe8 27. Ne3
Rd8 28. Kf1 Nb7 29. Rxd8 Nxd8 30. Nd5 Ne6 31. Ke2 Kg8 32. Kd3 Kf8 33. Nd2 Ke8
34. Ne4 Kd7 35. g3 Kc6 36. Ne7+ Kb5 37. Nd5 Nc5+ 38. Nxc5 Kxc5 39. Ne3 b5 40.
f4 c6 41. f5 g5 42. g4 Kd6 43. Ke4 Bf6 44. Nc2 Kc5 45. Ne3 Bh8 46. Nc2 Kd6 47.
Ne3 Be5 48. Nc2 Bg3 49. Kf3 Bf4 50. Ne1 Kd5 51. Nd3 Bd6 52. Ke3 c5 53. Nf2 c4
54. bxc4+ Kxc4 55. Nd3 a4 56. Kd2 Kb3 57. Kc1 a3 58. bxa3 Kxc3 59. Nf2 Bxa3+
60. Kd1 Kd4 61. Kd2 Bb4+ 62. Ke2 Bd6 63. Nd3 b4 64. Ne1 Kc4 65. Nd3 b3 66. Nb2+
Kd4 67. Kd2 Bb4+ 68. Ke2 Bc3 69. Nd1 b2 0-1

[Event "Michael Franett Memorial"]
[Site "San Francisco"]
[Date "2005.01.05"]
[Round "4"]
[White "Pruess, David"]
[Black "Lobo, Richard"]
[Result "1-0"]
[WhiteElo "2394"]
[BlackElo "2266"]
[PlyCount "69"]
[EventDate "2005.01.02"]
[EventType "tourn"]
[EventRounds "1"]
[EventCountry "USA"]
[EventCategory "3"]

1. d4 Nf6 2. Nc3 d5 3. Bg5 e6 4. e4 dxe4 5. Bxf6 gxf6 6. Nxe4 Be7 7. Nf3 b6 8.
Bb5+ c6 9. Bc4 Bb7 10. Qe2 Nd7 11. O-O Qc7 12. Rfe1 O-O 13. Ng3 Rae8 14. Qd2
Kh8 15. Qh6 Rg8 16. Qh5 Ref8 17. Qh3 Bd8 18. Rad1 f5 19. Bf1 Nf6 20. Ne5 Be7
21. Be2 c5 22. Bf3 cxd4 23. Bxb7 Qxb7 24. Rxd4 Rg7 25. Qh6 Rfg8 26. c3 Nd5 27.
Nxf7+ Rxf7 28. Qxe6 Bc5 29. Rxd5 Rg6 30. Rd8+ Bf8 31. Qe5+ Kg8 32. f3 b5 33.
Kh1 f4 34. Nf5 Rgf6 35. Nd6 1-0

[Event "Michael Franett Memorial"]
[Site "San Francisco"]
[Date "2005.01.05"]
[Round "4"]
[White "Yap, Nicolas"]
[Black "Bhat, Vinay"]
[Result "1/2-1/2"]
[WhiteElo "2189"]
[BlackElo "2410"]
[PlyCount "226"]
[EventDate "2005.01.02"]
[EventType "tourn"]
[EventRounds "1"]
[EventCountry "USA"]
[EventCategory "3"]

1. e4 e6 2. d4 d5 3. Nd2 Nf6 4. e5 Nfd7 5. Bd3 c5 6. c3 Nc6 7. Ne2 cxd4 8. cxd4
f6 9. exf6 Nxf6 10. O-O Bd6 11. Nf3 Qc7 12. Bg5 O-O 13. Rc1 h6 14. Bd2 Ne4 15.
Be3 a6 16. Ng3 Nf6 17. Bb1 g5 18. Qd3 Qg7 19. Rfe1 Bd7 20. Bd2 Qh7 21. Qe2 Qg7
22. Bc3 Nd8 23. Ne5 Be8 24. Qd2 Nd7 25. Nxd7 Qxd7 26. Rcd1 Rf4 27. Bb4 Bxb4 28.
Qxb4 Rc8 29. Qd2 Nc6 30. Ne2 Rf6 31. f4 Qg7 32. Rc1 Bh5 33. Ng3 Bf7 34. f5 Re8
35. Rcd1 Qf8 36. Rf1 Qb4 37. fxe6 Rxf1+ 38. Nxf1 Rxe6 39. Qxb4 Nxb4 40. Kf2 Bh5
41. Rd2 Rf6+ 42. Kg1 Nc6 43. Ne3 Re6 44. Kf2 Rf6+ 45. Kg1 Re6 46. Kf2 Rf6+ 47.
Kg1 Bf7 48. g3 h5 49. a3 Rf3 50. Nd1 Kf8 51. Nc3 Ke7 52. Bc2 Kd6 53. Bd1 Rf6
54. Bb3 Rf3 55. Bd1 Rf6 56. Bb3 Be6 57. Bd1 h4 58. Be2 Bh3 59. Rd1 Be6 60. Rd2
Bh3 61. Rd1 Bd7 62. Rd2 Ne7 63. Bd3 Nc6 64. Be2 Rf8 65. Bd1 Bh3 66. Be2 Ne7 67.
Rd3 Bd7 68. Rd2 Nf5 69. gxh4 gxh4 70. Bf3 Ne3 71. Be2 Bg4 72. Bd3 Bh3 73. Be2
Be6 74. Nd1 Nf5 75. Bf1 Nh6 76. Ne3 Rf4 77. Be2 Re4 78. Kf2 Rf4+ 79. Ke1 Nf7
80. Ng2 Re4 81. Kf2 h3 82. Ne1 Nh6 83. Bf3 Rh4 84. Nc2 Rf4 85. Ke3 Rf8 86. Be2
Bg4 87. Ne1 Rf6 88. Bd3 Bh5 89. Be2 Be8 90. Bf3 Nf5+ 91. Kd3 Bb5+ 92. Kc3 Bd7
93. Bg4 Nh6 94. Bxd7 Kxd7 95. Rd3 Rc6+ 96. Kd2 Nf5 97. Rxh3 Rg6 98. Nf3 Rg2+
99. Kc3 Kc7 100. Ne5 Kb6 101. Rh7 Ne3 102. b3 Nd1+ 103. Kd3 Nb2+ 104. Ke3 Nd1+
105. Kf4 Rd2 106. Nd7+ Kc6 107. Ne5+ Kb6 108. Nf3 Rd3 109. h4 Nf2 110. h5 Nh3+
111. Kg4 Nf2+ 112. Kf4 Nh3+ 113. Kg4 Nf2+ 1/2-1/2

[Event "Michael Franett Memorial"]
[Site "San Francisco"]
[Date "2005.01.06"]
[Round "5"]
[White "Aigner, Michael"]
[Black "Ho, Matthew"]
[Result "1/2-1/2"]
[WhiteElo "2263"]
[BlackElo "2260"]
[PlyCount "61"]
[EventDate "2005.01.02"]
[EventType "tourn"]
[EventRounds "1"]
[EventCountry "USA"]
[EventCategory "3"]

1. f4 Nf6 2. Nf3 g6 3. Nc3 d5 4. d3 d4 5. Ne4 Bg7 6. Nxf6+ exf6 7. e4 dxe3 8.
Bxe3 O-O 9. Qd2 f5 10. c3 Re8 11. Kf2 b6 12. g3 Bb7 13. Bg2 Nd7 14. Rhe1 c5 15.
Kg1 Nf6 16. Ne5 Qc7 17. Bxb7 Qxb7 18. Qg2 Qc7 19. Bf2 Rad8 20. Qf3 Re6 21. Re2
Nd7 22. Nxd7 Qxd7 23. Rxe6 fxe6 24. Rd1 Qa4 25. a3 Qc2 26. d4 cxd4 27. Bxd4
Qxb2 28. Bxg7 Rxd1+ 29. Qxd1 Kxg7 30. Qd7+ Kh6 31. Qe7 1/2-1/2

[Event "Michael Franett Memorial"]
[Site "San Francisco"]
[Date "2005.01.06"]
[Round "5"]
[White "Bhat, Vinay"]
[Black "Thornally, Frank"]
[Result "1/2-1/2"]
[WhiteElo "2410"]
[BlackElo "2261"]
[PlyCount "27"]
[EventDate "2005.01.02"]
[EventType "tourn"]
[EventRounds "1"]
[EventCountry "USA"]
[EventCategory "3"]

1. d4 d5 2. c4 e6 3. Nc3 c5 4. e3 Nf6 5. Nf3 Nc6 6. cxd5 exd5 7. Be2 cxd4 8.
Nxd4 Bc5 9. O-O O-O 10. b3 Nxd4 11. exd4 Bb4 12. Bd2 Qa5 13. Qc1 Bf5 14. a3
1/2-1/2

[Event "Michael Franett Memorial"]
[Site "San Francisco"]
[Date "2005.01.06"]
[Round "5"]
[White "Ganbold, Odondoo"]
[Black "Yap, Nicolas"]
[Result "1-0"]
[WhiteElo "2382"]
[BlackElo "2189"]
[PlyCount "73"]
[EventDate "2005.01.02"]
[EventType "tourn"]
[EventRounds "1"]
[EventCountry "USA"]
[EventCategory "3"]

1. e4 c5 2. f4 d5 3. exd5 Nf6 4. Bb5+ Bd7 5. Bxd7+ Qxd7 6. c4 e6 7. Qe2 Bd6 8.
f5 O-O 9. fxe6 fxe6 10. dxe6 Qc8 11. Nf3 Re8 12. O-O Rxe6 13. Qd1 Nc6 14. d3
Qd7 15. Nc3 Rae8 16. Ng5 R6e7 17. Nge4 Nxe4 18. Nxe4 Be5 19. Kh1 Bd4 20. Bf4
Nb4 21. Nc3 Bxc3 22. bxc3 Nxd3 23. Bg3 Re2 24. Rf3 Re1+ 25. Bxe1 Rxe1+ 26. Qxe1
Nxe1 27. Rxe1 h6 28. h3 Qa4 29. Rg3 Qxa2 30. Re7 Qb1+ 31. Kh2 g6 32. Rf3 h5 33.
Rff7 g5 34. Rg7+ Kf8 35. Ref7+ Ke8 36. Rxb7 Qe1 37. Rg8# 1-0

[Event "Michael Franett Memorial"]
[Site "San Francisco"]
[Date "2005.01.06"]
[Round "5"]
[White "Lobo, Richard"]
[Black "Baginskaite, Camilla"]
[Result "1-0"]
[WhiteElo "2266"]
[BlackElo "2336"]
[PlyCount "99"]
[EventDate "2005.01.02"]
[EventType "tourn"]
[EventRounds "1"]
[EventCountry "USA"]
[EventCategory "3"]

1. c4 e5 2. Nc3 Nf6 3. Nf3 Nc6 4. g3 d5 5. cxd5 Nxd5 6. Bg2 Nb6 7. Rb1 a5 8. d3
Be7 9. O-O O-O 10. a3 Be6 11. Be3 f5 12. Na4 Nxa4 13. Qxa4 Bf6 14. Rfc1 Nd4 15.
Bxd4 exd4 16. Qb5 Ra7 17. Ne5 Qd6 18. Nc4 Qd7 19. Qc5 b6 20. Qc6 Qxc6 21. Bxc6
a4 22. f4 Rb8 23. Bb5 c5 24. Kf2 Kf8 25. b3 axb3 26. Rxb3 Bxc4 27. Bxc4 Bd8 28.
Be6 g6 29. Rxc5 bxc5 30. Rxb8 Ke7 31. Bc4 h6 32. h4 Kd7 33. Bf7 Ra6 34. a4 Kc7
35. Rb5 Be7 36. a5 Kc6 37. Rb8 g5 38. hxg5 hxg5 39. Be8+ Kc7 40. Rb5 gxf4 41.
gxf4 Rh6 42. Kg3 Re6 43. Bh5 Ra6 44. Bf3 Ra7 45. Kf2 Bd6 46. Ke1 Kd7 47. Bb7
Bxf4 48. a6 Bd6 49. Kd2 Kc7 50. Kc2 1-0

[Event "Michael Franett Memorial"]
[Site "San Francisco"]
[Date "2005.01.06"]
[Round "5"]
[White "Tuvshintugs, Batchimeg"]
[Black "Pruess, David"]
[Result "0-1"]
[WhiteElo "2205"]
[BlackElo "2394"]
[PlyCount "86"]
[EventDate "2005.01.02"]
[EventType "tourn"]
[EventRounds "1"]
[EventCountry "USA"]
[EventCategory "3"]

1. e4 c5 2. Nf3 d6 3. d4 cxd4 4. Nxd4 Nf6 5. Nc3 a6 6. Bg5 e6 7. Qd2 b5 8. f3
Nbd7 9. O-O-O Bb7 10. g4 b4 11. Nce2 d5 12. exd5 Bxd5 13. Kb1 Qa5 14. Nb3 Qc7
15. Bg2 Be7 16. Nf4 Bb7 17. Nh5 O-O 18. f4 Rfc8 19. Nd4 Nxh5 20. Bxb7 Qxb7 21.
Bxe7 Ndf6 22. Bd6 Ne4 23. Qxb4 Qxb4 24. Bxb4 Nxf4 25. Rde1 Nf6 26. h3 Rc4 27.
Bc3 N6d5 28. Ref1 Nxc3+ 29. bxc3 Nd5 30. Kb2 Rb8+ 31. Ka1 Nxc3 32. Rf3 Nxa2 33.
Kxa2 Rxd4 34. Rb3 Rc8 35. c3 Rd2+ 36. Ka3 h6 37. h4 Rd3 38. Kb4 a5+ 39. Kxa5
Rdxc3 40. Rb4 Ra8+ 41. Kb5 Rb8+ 42. Ka4 Rxb4+ 43. Kxb4 Rg3 0-1

[Event "Michael Franett Memorial"]
[Site "San Francisco"]
[Date "2005.01.07"]
[Round "6"]
[White "Baginskaite, Camilla"]
[Black "De Guzman, Ricardo"]
[Result "1/2-1/2"]
[WhiteElo "2336"]
[BlackElo "2407"]
[PlyCount "95"]
[EventDate "2005.01.02"]
[EventType "tourn"]
[EventRounds "1"]
[EventCountry "USA"]
[EventCategory "3"]

1. d4 Nf6 2. Nf3 c5 3. d5 g6 4. Nc3 d6 5. e4 Bg7 6. Be2 O-O 7. O-O Na6 8. Nd2
Nc7 9. a4 e6 10. Nc4 exd5 11. exd5 Re8 12. Bf3 b6 13. Bf4 Bf8 14. Re1 Rxe1+ 15.
Qxe1 Ba6 16. Ne3 Qd7 17. Qd2 Re8 18. h3 h6 19. Kh2 g5 20. Bg3 h5 21. h4 g4 22.
Be2 Bh6 23. Bxa6 Nxa6 24. Qd3 Bxe3 25. Qxa6 Bd4 26. Qd3 Kg7 27. Rd1 Be5 28. Ne2
Qxa4 29. Qf5 Bxg3+ 30. fxg3 Re5 31. Qf4 Qxc2 32. Nc3 a6 33. Rf1 Qg6 34. Qa4
Nxd5 35. Nxd5 Rxd5 36. Qxa6 Qd3 37. Qb7 Rf5 38. Rxf5 Qxf5 39. Qxb6 Qe5 40. b3
f5 41. Qa7+ Kg6 42. Qa4 Kf6 43. Qc4 Kg7 44. Qa4 Qe6 45. Qf4 Kf7 46. Qa4 d5 47.
Qa7+ Qe7 48. Qa8 1/2-1/2

[Event "Michael Franett Memorial"]
[Site "San Francisco"]
[Date "2005.01.07"]
[Round "6"]
[White "Ho, Matthew"]
[Black "Stein, Alan"]
[Result "1/2-1/2"]
[WhiteElo "2260"]
[BlackElo "2362"]
[PlyCount "20"]
[EventDate "2005.01.02"]
[EventType "tourn"]
[EventRounds "1"]
[EventCountry "USA"]
[EventCategory "3"]

1. e4 e5 2. Nf3 Nc6 3. Bc4 Bc5 4. d3 Nf6 5. O-O O-O 6. c3 d6 7. Be3 Bb6 8. Nbd2
Be6 9. Bb3 h6 10. Qe2 Qd7 1/2-1/2

[Event "Michael Franett Memorial"]
[Site "San Francisco"]
[Date "2005.01.07"]
[Round "6"]
[White "Lobo, Richard"]
[Black "Tuvshintugs, Batchimeg"]
[Result "0-1"]
[WhiteElo "2266"]
[BlackElo "2205"]
[PlyCount "100"]
[EventDate "2005.01.02"]
[EventType "tourn"]
[EventRounds "1"]
[EventCountry "USA"]
[EventCategory "3"]

1. d4 Nf6 2. c4 g6 3. Nc3 d5 4. Bg5 Ne4 5. Bh4 Nxc3 6. bxc3 c5 7. e3 Bg7 8. Nf3
Nc6 9. Rc1 O-O 10. Be2 Bf5 11. O-O cxd4 12. cxd4 h6 13. cxd5 Qxd5 14. Bc4 Qd8
15. Qe2 a6 16. Rfd1 Na5 17. Bd3 Bxd3 18. Qxd3 b5 19. e4 Nc4 20. Qb3 g5 21. Bg3
Rc8 22. Qb4 Qd7 23. a4 Qb7 24. axb5 axb5 25. d5 Nb2 26. Rxc8 Rxc8 27. Rb1 Rc4
28. Qe1 b4 29. h4 g4 30. Nd2 Rc2 31. Nf1 b3 32. Ne3 Nd3 33. Qf1 Rc3 34. Nd1 Qb4
35. Nxc3 Qxc3 36. Rd1 Nc5 37. Rc1 Qb4 38. f3 b2 39. Rb1 Qc3 40. Kh2 gxf3 41.
gxf3 Qc2+ 42. Kh3 Nb3 43. Bf4 Nd4 44. Qd1 Qf2 45. Qf1 Qxf1+ 46. Rxf1 Ne2 47.
Bd2 Bc3 48. Bxh6 Nd4 49. Kg2 Nc2 50. Bg5 Ne1+ 0-1